000 01461nab a22003017a 4500
999 _c5271
_d5271
003 OSt
005 20250211122921.0
008 190429b xxu||||| |||| 00| 0 spa d
040 _cPJ
100 _aValongo, Matías
_96326
245 1 3 _a¿El fin justifica los medios?:
_bbreves notas críticas del proyecto de Ley Antimafias /
_cMatías Valongo.
260 _cCiudad Autónoma de Buenos Aires :
_aThomson Reuters La Ley,
_b2025.
300 _ap. 36-47
500 _aCita: AR/DOC/74/2025.
505 _aSumario: I. Introducción.— II. Antecedentes del proyecto.— III. Ámbito de aplicación.— IV. Zona sujeta a investigación especial.— V. Recopilación e intercambio de inteligencia criminal.— VI. Modificaciones al Cód. Penal.— VII. Extinción de dominio.— VIII. Aplicación y competencia.— IX. Conclusiones.
505 _tSi te interesa el texto completo, solicitalo a koha@justierradelfuego.gov.ar
650 0 _9343
_aDERECHO PENAL
650 0 _92872
_aNARCOTRÁFICO
650 0 _93064
_aLAVADO DE ACTIVOS
650 0 _92753
_aPARTICIPACIÓN CRIMINAL
650 0 _92478
_aCODIGO PENAL
650 0 _92999
_aAUTORÍA
650 0 _9586
_aDEFENSA EN JUICIO
650 0 _96327
_aDERECHO DE PROPIEDAD
650 0 _92758
_aASOCIACIÓN ILÍCITA
773 0 _02658
_93164
_tRevista de derecho penal y criminología. Nº 1 - Febrero 2025
_dCiudad Autónoma de Buenos Aires : Thomson Reuters La Ley, 2017-
_x00347914
942 _2udc
_cANA